[Event "Budimex POL-ch Women 2018"]
[Site "Warsaw"]
[Date "2018.05.12"]
[Round "1"]
[White "Socko, Monika"]
[Black "Majdan, Joanna"]
[Result "1-0"]
[WhiteElo "2458"]
[BlackElo "2369"]
[Annotator "TA"]
[PlyCount "121"]
[EventDate "2018.??.??"]
[EventType "tourn"]
[EventCountry "POL"]
[SourceTitle "playchess.com"]
[Source "ChessBase"]
[SourceQuality "1"]

{[%evp 25,121,4,18,11,54,52,64,38,43,-17,-7,0,22,-27,0,0,0,8,0,0,0,-31,0,-26,0,-30,-40,-38,-38,-42,-33,-28,0,0,0,-9,-19,-10,-13,-62,35,18,36,43,39,19,87,78,83,64,106,0,0,7,0,-9,-22,-18,70,0,0,0,181,164,256,259,244,244,267,96,101,100,99,61,72,65,88,87,94,88,133,83,99,82,180,209,610,600,526,519,1082,1082,1081,1070,1897,458,5106,5085]} 1. d4 c5 2. d5 e6 3. c4 d6 4. Nc3 exd5 5. cxd5 a6 6. a4 g6 7. g3 Bg7 8. Bg2 Nf6 9. Nf3 O-O 10. O-O Nbd7 11. Bf4 Qe7 12. e4 {A63: Modern Benoni: Fianchetto Variation: 9...Nbd7} (12. h3 Rb8 13. Qd3 Re8 14. Rfe1 Nh5 15. Bg5 Bf6 16. Bxf6 Nhxf6 17. e4 Nh5 18. Kh2 f6 19. Nd2 Ne5 20. Qe2 {0-1 (49) Sjugirov,S (2670)-Korobov,A (2708) Sochi 2015}) 12... Ng4 13. Bg5 f6 $1 {[%cal Rf6g5] LiveBook: 6 Games} 14. Bc1 {[#] The position is equal.} Rb8 $146 ({Predecessor:} 14... Nde5 15. Nh4 f5 16. exf5 gxf5 17. h3 Nf6 18. f4 Ng6 {½-½ (41) Li,Y (2298)-Sunilduth Lyna,N (2536) St Petersburg 2016}) 15. Nd2 Nge5 16. Qe2 Nf7 17. f4 (17. Nc4 $14) 17... f5 $11 18. Re1 Re8 19. Nc4 Bd4+ 20. Be3 Bxc3 21. bxc3 fxe4 22. Bc1 {[%cal Re2e4]} Nf6 23. Ne3 b5 24. axb5 axb5 25. c4 bxc4 26. Bb2 Nh6 27. Nxc4 Nf5 28. Qd2 Rb4 29. Na5 $1 {[%cal Ra5c6]} Bd7 30. Bc3 Rb6 31. Nc4 Rb7 32. Ra3 Bb5 ({Black should try} 32... Qf8 $15) 33. Na5 $14 Rbb8 34. Nc6 Bxc6 $1 35. dxc6 Kf8 (35... Nd4 $11) 36. Qa2 $16 {And now Ra7 would win.} Qf7 37. Qa1 $1 Nd5 38. Ra7 (38. Bxe4 $6 Nxc3 39. Bxf5 Qxf5 $11) (38. Bh8 $1 $16) 38... Re7 $11 39. Rxe7 Nfxe7 40. c7 Nxc7 41. Bxe4 d5 (41... Re8 $11) 42. Be5 (42. Qa7 $14 Rc8 43. Bd3) 42... Ra8 43. Qb2 Ne8 $2 (43... dxe4 $11 {and Black stays safe.} 44. Bxc7 Kg8) 44. Bg2 $18 {[%mdl 1024] White has strong compensation.} Rc8 (44... Kg8 {keeps fighting.} 45. Qb5 Nf6) 45. Qb7 $1 Rd8 46. Qb6 Rc8 47. Qa6 $2 (47. Bh3 $1 $18 {[%cal Rh3c8]} Nf5 48. Ra1) 47... Rc6 $16 48. Qb7 {Strongly threatening Bh3.} c4 49. Bc3 {Threatens to win with Bxd5!} Re6 50. Ra1 $1 $36 {[%mdl 2048] White is more active.} Re2 51. Bf3 Re3 {[#]} 52. Bb4 $1 {Black must now prevent Bxd5.} Qf6 ({Don't blunder} 52... Rxf3 $2 53. Re1 $18) 53. Rf1 d4 54. Bc6 {Hoping for Qd7.} Nd6 {[#]} (54... Re2 $16) 55. Qb8+ $1 $18 Kg7 $2 (55... Kf7) 56. Bxd6 {aiming for Be5.White is clearly winning.} Nxc6 57. Qc7+ Ne7 (57... Re7 $142 58. Qxc6 Qe6) 58. Be5 Rxe5 59. fxe5 Qg5 60. Rf4 ({Less strong is} 60. Qxc4 Qe3+ 61. Rf2 Qe1+ 62. Qf1 Qxe5 $18) (60. Kg2 $142 {h4 would kill now.} Kh6 61. h4 Qd2+ 62. Rf2) 60... c3 (60... Kh6 $142) 61. Qd8 {Precision: White = 51%, Black = 41%.} 1-0

[Event "Budimex POL-ch Women 2018"]
[Site "Warsaw"]
[Date "2018.05.12"]
[Round "1"]
[White "Kulon, Klaudia"]
[Black "Zawadzka, Jolanta"]
[Result "1/2-1/2"]
[WhiteElo "2353"]
[BlackElo "2424"]
[Annotator "TA"]
[PlyCount "221"]
[EventDate "2018.??.??"]
[EventType "tourn"]
[EventCountry "POL"]
[SourceTitle "playchess.com"]
[Source "ChessBase"]
[SourceQuality "1"]

{[%evp 20,221,15,-16,-14,-35,-8,-116,-117,-144,-146,-146,-83,-253,-243,-238,-226,-232,-223,-258,-227,-201,-162,-198,-194,-232,-236,-229,-113,-88,-29,-36,-36,-20,-22,-31,0,0,0,0,0,-30,0,0,0,-91,-87,-38,-30,-172,-149,-277,-277,-277,-274,-267,-270,-260,-274,-258,-225,-217,-179,-176,-183,-216,-216,-192,-167,-149,-149,-146,-166,-194,-188,-248,-222,-242,-253,-244,-245,-330,-323,-465,-431,-370,-360,-358,-225,-218,-213,-204,-212,-199,-198,-204,-156,-182,-181,-166,-181,-156,-42,-46,-37,-135,-12,-12,0,0,0,0,0,0,0,0,0,0,0,0,0,0,0,0,0,0,0,0,0,0,0,0,18,0,0,0,0,0,0,0,0,0,0,0,0,0,0,0,0,0,0,0,0,0,0,0,0,0,4,0,0,0,0,0,0,0,0,0,0,0,0,0,0,0,0,0,0,0,0,0,0,0,0,0,0,0,0,0,0,0,12851,0,0,0,0,0,0,0,0,0,0,0,0,0]} 1. e4 e5 2. Nf3 Nf6 3. Nxe5 d6 4. Nf3 Nxe4 5. Nc3 Nxc3 6. dxc3 Be7 7. Bf4 O-O 8. Qd2 Nd7 9. O-O-O Nc5 10. Be3 {C42: Petroff Defence: 3 Nxe5 and unusual White 3rd moves} c6 (10... Re8 11. Bc4 Be6 12. Bxe6 Nxe6 13. h4 Qd7 14. Qd3 Qc6 15. Qf5 Qc4 16. Ng5 Bxg5 17. hxg5 Nf8 {½-½ (27) Salgado Lopez,I (2651)-Ipatov,A (2657) Izmir 2016}) 11. Nd4 {LiveBook: 4 Games} (11. Bxc5 $5 dxc5 12. Qf4 $11) 11... Re8 12. f3 Bf6 13. g4 $146 {[#]} (13. Bf4 $11 {remains equal.}) ({Predecessor:} 13. Kb1 Qe7 14. Bf4 d5 15. g4 Bh4 16. h3 g6 17. Qh2 Ne6 {0-1 (61) Rasik,V (2465)-Przybylski,W (2320) Ostrava 2007}) 13... Bxg4 $1 $17 {[%mdl 512]} 14. fxg4 Rxe3 $1 15. h4 (15. Qxe3 $2 {is the wrong capture.} Bg5 $19) 15... Re8 (15... Rg3 $142 $1 16. Nb3 Bxh4) 16. Nf5 $2 (16. g5 $17 Ne4 17. Qg2 Bxd4 18. cxd4) 16... Qa5 17. Bc4 d5 18. Bb3 Ne4 19. Qf4 Be5 20. Qf3 b5 21. Rhf1 Qc7 22. Rxd5 cxd5 23. Bxd5 {[#]} Rad8 (23... Nxc3 $1 $19 {is more deadly.} 24. bxc3 Rab8) 24. Bxe4 Qc4 (24... Kh8 $17 25. Kb1 b4 $1 {[%mdl 512]} 26. cxb4 Bxb2) 25. Kb1 $11 Bf6 26. Bd3 Qd5 $40 {[%mdl 128] Black has some attack.} 27. Qf2 a6 28. a3 Rd7 {[%cal Bd8d7,Bd7c7,Bc7a7][%mdl 32]} 29. g5 Bd8 30. Qf4 Qe5 (30... Bc7 $5 {[%cal Rc7f4]} 31. Qf2 Re5 $15) 31. Qg4 Rc7 32. a4 (32. c4 $11) 32... g6 $1 $17 {[%cal Rg6f5]} 33. Nh6+ Kg7 34. axb5 (34. Qb4 $11 {and White stays safe.}) 34... axb5 $19 35. Qb4 (35. Qd1 $17 {was called for.}) 35... Ra7 $1 {( -> ...Qe1+!)} 36. Qd4 Qxd4 37. cxd4 f6 38. Ng4 {[%cal Rg4f6]} fxg5 39. hxg5 Bxg5 40. Bxb5 Re4 41. Ne5 Bf6 42. Bd3 Rh4 ({Much less strong is} 42... Rxd4 43. Nc6 $17) 43. Nc6 Rb7 44. c3 Rh3 45. Rd1 Rb6 46. Na5 h5 47. b4 (47. Nc4 {was necessary.} Rb8 48. Kc2) 47... h4 48. Kc2 Rg3 49. Nc4 Rb8 50. Nd6 h3 51. b5 (51. Be4 $142) 51... h2 52. Rh1 Rg2+ 53. Kb3 {White hopes to continue with Be4.} Rd2 54. Be4 Be7 55. Nc4 Rf2 ({Resist} 55... Rxb5+ 56. Ka4 $17) 56. Bc6 g5 57. Re1 Bf6 58. Ne3 Rf4 $1 59. Rh1 Rh8 $1 60. b6 {[%cal Bb5b6,Bb6b7][%mdl 32]} g4 (60... Be7 $17 61. b7 Bd6) 61. b7 $1 $15 g3 62. Ra1 {[#]} (62. Nf1 $1 $15 Bh4 63. Nxh2 $1 {[%mdl 512]} gxh2 64. Rxh2) 62... Bg5 ({Black should play} 62... Be7 $1 $17 {...Bd6 is the strong threat.} 63. c4 Rf6) 63. Ra8 $1 $11 {[%cal Ra8h8]} h1=Q 64. Bxh1 Rxh1 {[#]} 65. Rg8+ $1 {[%mdl 512]} Kf7 (65... Kxg8 66. b8=Q+) 66. Rxg5 {[%mdl 4096] Endgame Strongly threatening Rb5. KRR-KRN} Rb1+ 67. Kc2 Rxb7 68. Rxg3 Rf2+ 69. Kd3 Rbb2 70. Nc4 Rb1 71. Ne5+ Ke6 72. Re3 Rd1+ 73. Kc4 Kd6 74. Rh3 Rf6 75. Rh7 Ke6 76. Nd3 Kd6 77. Nc5 Rf5 78. Rh6+ Kc7 79. Na6+ Kb7 80. Nb4 Rf3 81. Nd5 Rc1 82. Kb4 Rd1 83. Kc5 Rg3 84. Rh7+ Kb8 85. c4 Rg5 86. Rf7 Rh5 87. Kb6 {[%cal Rf7f8]} Rb1+ 88. Kc6 Rh6+ 89. Rf6 Rxf6+ 90. Nxf6 {KR-KN} Rh1 91. Nd7+ Kc8 {aiming for ...Rh6+.} 92. Nb6+ Kd8 93. d5 Rc1 94. d6 Rc2 95. c5 Rc1 96. Nd5 Rb1 97. Nc3 Rc1 98. Nb5 Rc2 99. Nd4 Rd2 100. Kd5 Rd1 101. c6 Kc8 102. Kc5 {Intending d7+ and mate.} Rc1+ 103. Kb6 Rb1+ 104. Nb5 Rb2 105. d7+ $2 (105. Kc5 $18 {And now Nd4 would win.} Rc2+ 106. Kd5) 105... Kd8 {The position is equal.} 106. Ka6 Rb1 107. Ka5 {Hoping for Nd4.} Ra1+ 108. Kb6 Rb1 109. Ka6 Rb2 110. Nd4 {White threatens Ne6+ and mate.} Kc7 111. Nb5+ {Precision: White = 51%, Black = 77%.} 1/2-1/2

[Event "Budimex POL-ch Women 2018"]
[Site "Warsaw"]
[Date "2018.05.12"]
[Round "1"]
[White "Warakomska, Anna"]
[Black "Bartel, Marta"]
[Result "1-0"]
[WhiteElo "2295"]
[BlackElo "2280"]
[Annotator "NA"]
[PlyCount "45"]
[EventDate "2018.??.??"]
[EventType "tourn"]
[EventCountry "POL"]
[SourceTitle "playchess.com"]
[Source "ChessBase"]
[SourceQuality "1"]
[TimeControl "40/5400+30:1800+30"]

1. e4 {[%emt 0:00:00]} c6 {[%emt 0:00:11]} 2. d4 {[%emt 0:00:00]} d5 {[%emt 0:00:06]} 3. e5 {[%emt 0:00:13]} c5 {[%emt 0:00:14]} 4. dxc5 {[%emt 0:00:33]} e6 {[%emt 0:00:10]} 5. a3 {[%emt 0:01:04] B12: Caro-Kann: Advance Variation} (5. Nf3 Bxc5 6. Bd3 Ne7 7. O-O Ng6 8. a3 O-O 9. Nbd2 Nc6 10. b4 Bb6 11. Bb2 Nf4 12. Nb3 a5 13. Qd2 Nxd3 14. cxd3 {½-½ (38) Vitiugov,N (2735)-Anand,V (2776) Karlsruhe/Baden-Baden 2018}) 5... Bxc5 {[%emt 0:00:21]} 6. b4 {[%emt 0:01:06]} Be7 {[%emt 0:00:52]} 7. Bb2 {[%emt 0:03:46]} a5 $146 {[%emt 0:04:11]} ({Predecessor:} 7... Bd7 8. Bd3 Nc6 9. Nf3 f6 10. O-O fxe5 11. b5 Na5 12. Nxe5 Nf6 {1-0 (44) Krivoborodov,E (2394)-Bock,J (2269) Schwaebisch Gmuend 2008}) 8. b5 {[%emt 0:17:15]} Nd7 {[%emt 0:02:36]} 9. c4 {[%emt 0:03:12]} Nb6 {[%emt 0:27:37]} 10. Nd2 {[%emt 0:03:24]} Nh6 {[%emt 0:07:40]} 11. Ngf3 {[%emt 0:02:30]} dxc4 {[%emt 0:04:08]} 12. Nxc4 {[%emt 0:10:45]} Qxd1+ {[%emt 0:03:43]} 13. Rxd1 {[%emt 0:00:12]} Na4 {[%emt 0:03:43]} 14. Ba1 {[%emt 0:03:14]} O-O {[%emt 0:06:11]} 15. Be2 {[%emt 0:03:28]} f6 {[%emt 0:05:45]} 16. O-O {[%emt 0:03:15]} Nf7 {[%emt 0:00:10]} 17. Rfe1 {[%emt 0:07:31]} fxe5 {[%emt 0:16:17]} 18. Nfxe5 {[%emt 0:10:27]} Nxe5 {[%emt 0:04:07]} 19. Bxe5 {[%emt 0:00:20]} Bf6 {[%emt 0:00:44]} 20. Bf3 {[%emt 0:04:53]} Nc3 {[%emt 0:02:24]} 21. Rc1 {[%emt 0:07:25]} Bxe5 $18 {[%emt 0:04:20]} 22. Rxe5 {[%emt 0:00:44]} Na4 {[%emt 0:02:11]} 23. Bd1 {[%emt 0:01:55]} 1-0

[Event "Budimex POL-ch Women 2018"]
[Site "Warsaw"]
[Date "2018.05.12"]
[Round "1"]
[White "Sliwicka, Alicja"]
[Black "Rajlich, Iweta"]
[Result "1-0"]
[WhiteElo "2261"]
[BlackElo "2389"]
[Annotator "RC"]
[PlyCount "111"]
[EventDate "2018.??.??"]
[EventType "tourn"]
[EventCountry "POL"]
[SourceTitle "playchess.com"]
[Source "ChessBase"]
[SourceQuality "1"]
[TimeControl "40/5400+30:1800+30"]

1. e4 {[%emt 0:00:00]} d6 {[%emt 0:00:04]} 2. d4 {[%emt 0:00:00]} Nf6 {[%emt 0:00:04]} 3. Nc3 {[%emt 0:00:00]} e5 {[%emt 0:00:05]} 4. Nf3 {[%emt 0:00:00]} Nbd7 {[%emt 0:00:06]} 5. Bc4 {[%emt 0:00:09]} Be7 {[%emt 0:00:07]} 6. O-O {[%emt 0:00:11]} O-O {[%emt 0:00:04]} 7. a4 {[%emt 0:00:28]} c6 {[%emt 0:00:17]} 8. Re1 {[%emt 0:00:17]} h6 {[%emt 0:00:15]} 9. Ba2 {[%emt 0:00:21]} Re8 {[%emt 0:00:51]} 10. h3 {[%emt 0:01:25]} Qc7 {[%emt 0:03:18]} 11. Be3 {[%emt 0:01:06]} a5 {[%emt 0:04:21]} 12. dxe5 {[%emt 0:05:02]} dxe5 {[%emt 0:00:42]} 13. Nh4 {[%emt 0:02:28]} Nf8 {[%emt 0:20:02]} 14. Qf3 {[%emt 0:08:16]} Be6 {[%emt 0:06:01]} 15. Nf5 {[%emt 0:01:49]} Bxa2 {[%emt 0:03:23]} 16. Rxa2 {[%emt 0:03:47]} Ng6 {[%emt 0:07:35]} 17. Ne2 {[%emt 0:08:28]} Qd7 {[%emt 0:11:26]} 18. h4 {[%emt 0:10:38]} Qe6 {[%emt 0:00:29]} 19. Raa1 {[%emt 0:02:02]} Bf8 {[%emt 0:03:16]} 20. Rad1 {[%emt 0:08:34]} Red8 {[%emt 0:00:50]} 21. Neg3 {[%emt 0:03:51]} Kh7 {[%emt 0:04:38]} 22. b3 {[%emt 0:18:03]} Ne7 {[%emt 0:06:24]} 23. c4 {[%emt 0:02:26]} g6 {[%emt 0:02:43]} 24. Nxe7 {[%emt 0:01:38]} Bxe7 {[%emt 0:00:07]} 25. h5 {[%emt 0:04:03]} Bb4 {[%emt 0:03:29]} 26. Rf1 {[%emt 0:01:49]} Nd7 {[%emt 0:03:21]} 27. Qe2 {[%emt 0:01:35]} Nc5 {[%emt 0:02:30]} 28. f4 {[%emt 0:06:39]} exf4 {[%emt 0:00:14]} 29. Rxf4 {[%emt 0:00:24]} Rxd1+ {[%emt 0:01:42]} 30. Qxd1 {[%emt 0:00:05]} Nd7 {[%emt 0:03:14]} 31. Qf1 {[%emt 0:01:20]} Kg8 {[%emt 0:00:45]} 32. Ne2 {[%emt 0:03:07]} Bd6 {[%emt 0:01:31]} 33. Nd4 {[%emt 0:00:23]} Qe5 {[%emt 0:02:40]} 34. Qf3 {[%emt 0:01:50]} Rf8 {[%emt 0:01:11]} 35. Rh4 {[%emt 0:01:06]} g5 {[%emt 0:01:06]} 36. Rh1 {[%emt 0:02:54]} Re8 {[%emt 0:01:02]} 37. Nf5 {[%emt 0:00:27]} Bf8 {[%emt 0:01:44]} 38. Ng3 {[%emt 0:00:23]} Nf6 {[%emt 0:00:31]} 39. Kf2 {[%emt 0:01:22]} Nxe4+ {[%emt 0:01:56]} 40. Nxe4 {[%emt 0:00:00]} Qxe4 {[%emt 0:00:08]} 41. Qxe4 {[%emt 0:00:51]} Rxe4 {[%emt 0:01:57]} 42. Rd1 {[%emt 0:00:11]} f5 {[%emt 0:10:43]} 43. Rd8 {[%emt 0:01:05]} Kf7 {[%emt 0:00:44]} 44. Rb8 {[%emt 0:00:48]} Bb4 {[%emt 0:05:43]} 45. Rxb7+ {[%emt 0:00:59]} Ke6 {[%emt 0:00:44]} 46. Rh7 {[%emt 0:02:07]} f4 {[%emt 0:01:18]} 47. Bb6 {[%emt 0:01:50]} Kf5 {[%emt 0:00:52]} 48. Rxh6 {[%emt 0:02:00]} c5 {[%emt 0:01:43]} 49. Rd6 {[%emt 0:03:06]} Be1+ {[%emt 0:02:02]} 50. Kf1 {[%emt 0:01:07]} Bh4 {[%emt 0:02:29]} 51. Bxa5 {[%emt 0:00:48]} Re3 {[%emt 0:00:40]} 52. h6 {[%emt 0:01:16]} Re7 {[%emt 0:01:34]} 53. Bc3 {[%emt 0:02:23]} g4 {[%emt 0:00:33]} 54. Rd1 {[%emt 0:02:27]} Kg6 {[%emt 0:00:59]} 55. Be1 {[%emt 0:00:54]} Bf6 {[%emt 0:00:18]} 56. Rd6 {[%emt 0:00:58]} 1-0

[Event "Budimex POL-ch Women 2018"]
[Site "Warsaw"]
[Date "2018.05.12"]
[Round "1"]
[White "Kubicka, Anna"]
[Black "Szczepkowska, Karina"]
[Result "0-1"]
[WhiteElo "2219"]
[BlackElo "2404"]
[Annotator "TA"]
[PlyCount "62"]
[EventDate "2018.??.??"]
[EventType "tourn"]
[EventCountry "POL"]
[SourceTitle "playchess.com"]
[Source "ChessBase"]
[SourceQuality "1"]

{[%evp 18,62,41,4,8,17,6,12,26,27,3,-29,-20,-23,-37,-65,-73,-65,-65,-79,-72,-81,-75,-84,-81,-122,-114,-178,-71,-42,4,-132,-122,-218,-199,-233,-118,-123,-127,-877,-858,-2383,-2359,-29996,-29997,-29997,-29998]} 1. e4 c5 2. Nf3 d6 3. d4 cxd4 4. Nxd4 Nf6 5. Nc3 Bd7 6. Bg5 e6 7. Qd2 a6 {B56: Classical Sicilian: Unusual Lines} 8. O-O-O b5 9. f3 Be7 10. Be3 {LiveBook: 5 Games} b4 11. Nce2 e5 12. Nf5 Bxf5 $1 13. exf5 d5 {[%cal Bd6d5,Bd5d4][%mdl 32]} 14. Bg5 $146 ({Predecessor:} 14. f4 Nc6 15. fxe5 Nxe5 {0-1 (40) Beerdsen,T (2335)-Li,C (2757) Karlsruhe 2016}) 14... Nbd7 15. Kb1 O-O 16. g4 d4 17. Ng3 Nd5 $1 18. Bxe7 Qxe7 19. Re1 Rfc8 20. Bd3 Rab8 21. Ne4 Nc5 22. g5 {[#]} (22. Nxc5 $17 {was called for.} Rxc5 23. g5) 22... Nc3+ $1 {[%mdl 512]} 23. Ka1 $17 (23. bxc3 bxc3+) 23... N5xe4 24. Bxe4 (24. fxe4 $11 {was the only way to keep the balance.} Na4 25. f6 (25. Bxa6 Rc7 $15)) 24... Qc5 {Strongly threatening ...Qa5.} 25. g6 {[#]} (25. bxc3 $2 bxc3 26. Qc1 Rb2 $19) (25. Qf2 $17 Nxe4 26. Rxe4) 25... Qa5 $1 $19 {[%csl Gc3][%cal Ra5a2]} (25... Nxe4 26. gxf7+ Kxf7 27. fxe4 $17) 26. gxf7+ ({But not} 26. bxc3 bxc3 27. Qc1 Rb2 $19) 26... Kf8 (26... Kxf7 $19 {[%csl Gc3][%cal Ra5a2]} 27. a3 (27. bxc3 $2 bxc3 28. Qc1 Rb2 $19) 27... bxa3 28. bxc3 a2 29. Bd5+ Qxd5 30. cxd4 exd4) 27. a3 $17 {Black should prevent f6.} ({Avoid the trap} 27. bxc3 $2 bxc3 28. Qc1 Rb2 $19) 27... b3 $40 {[%mdl 128] Black attacks with force.} 28. cxb3 $2 {[%mdl 8192]} (28. Rb1 $17 Kxf7 29. Rhg1) 28... Rxb3 $19 {[%cal Bb8b3,Bb3a3,Ba3a2][%mdl 32]} 29. Bb1 Rcb8 {( -> ...Rxa3+!)} 30. bxc3 Rxa3+ 31. Ba2 {[#]} Rxa2+ $1 {[%mdl 512] Precision: White = 27%, Black = 70%.} 0-1

[Event "Budimex POL-ch Women 2018"]
[Site "Warsaw"]
[Date "2018.05.13"]
[Round "2"]
[White "Socko, Monika"]
[Black "Warakomska, Anna"]
[Result "1/2-1/2"]
[WhiteElo "2458"]
[BlackElo "2295"]
[Annotator "TA"]
[PlyCount "94"]
[EventDate "2018.??.??"]
[EventType "tourn"]
[EventCountry "POL"]
[SourceTitle "playchess.com"]
[Source "ChessBase"]
[SourceQuality "1"]

{[%evp 21,94,-80,-72,-74,-61,-80,-73,-57,-59,-72,-77,-176,-168,-183,-143,-181,-183,-184,-165,-202,-187,-206,-135,-184,-116,-139,-96,-104,-120,-109,-115,-206,-184,-285,-34,-39,0,0,0,0,18,0,0,0,0,0,0,0,0,-6,4,-151,-142,-147,-135,-322,-322,-307,-320,-365,-348,-353,-61,-64,-8,-9,-8,-8,0,0,0,0,0,0,0]} 1. e4 e5 2. Nf3 Nc6 3. Bb5 a6 4. Bxc6 dxc6 5. O-O Bg4 6. h3 h5 7. d3 {[%cal Bd2d3,Bd3d4][%mdl 32]} Qf6 8. Nbd2 g5 {[%cal Bg7g5,Bg5g4][%mdl 32]} 9. Re1 {C68: Ruy Lopez: Exchange Variation, sidelines} (9. Nc4 Bxf3 10. Qxf3 Qxf3 11. gxf3 f6 12. Rd1 Ne7 13. Ne3 {½-½ (13) Solak,D (2635)-Sethuraman,S (2640) Kragujevac 2016}) 9... Be6 10. d4 g4 11. Nxe5 O-O-O {LiveBook: 3 Games} 12. c3 c5 13. d5 {Black must now prevent Ndc4.} Qxe5 14. dxe6 Qxe6 $146 ({Predecessor:} 14... Bd6 15. g3 Qxe6 16. Qb3 Re8 17. Qxe6+ Rxe6 {0-1 (50) Grazinys,V (2109)-Krol,W (2288) IECG email 2002}) 15. h4 Ne7 16. Qe2 (16. Qb3 $17) 16... Ng6 $19 17. Nb3 Ne5 18. Rd1 Rxd1+ 19. Qxd1 Be7 20. Bf4 Rd8 21. Qe2 Ng6 22. Qe3 Qc4 (22... b6 $19 23. g3 a5) 23. Bg3 $17 Rd3 (23... Bxh4 $6 24. Bxh4 Nxh4 25. Qg5 $11) 24. Qh6 Qxe4 25. Qxh5 b6 26. Rf1 (26. Qh7 $17 Rxg3 27. fxg3 Qe3+ 28. Kh1 (28. Kh2 $2 Bd6 $19) 28... Qxg3 29. Nd2) 26... Kb7 $19 {And now ...Bd6 would win.} 27. Qh6 {[#]} (27. Qh7 $142 Qd5 28. Qh6) 27... Rd8 $2 (27... Bxh4 $1 $19 {[%mdl 512]} 28. Nd2 (28. Bxh4 $2 Nf4 $19) 28... Qe2 29. Bxh4 Qxd2 30. Qxd2 Rxd2) 28. h5 $1 $15 {[%cal Rh5g6]} Ne5 $40 {[%mdl 128] Black is up to no good.} (28... Nh4 $15 29. Bxh4 Bxh4) 29. Qe3 $11 Qxe3 30. fxe3 f6 31. Bxe5 fxe5 {[%mdl 4096] Endgame KRB-KRN} 32. Kf2 c4 33. Nc1 Rd2+ 34. Kg3 Bg5 35. Rh1 Bh6 36. Kxg4 $2 (36. b3 $11) 36... Rxg2+ $17 37. Kf5 Rxb2 38. Kxe5 $2 (38. Kg6 $17 Bxe3 39. h6 Bxh6 40. Kxh6) 38... Rc2 $19 39. Kd4 b5 40. a4 {[#]} c5+ $1 {[%mdl 512]} 41. Kd5 {intending axb5.} (41. Kxc5 Bxe3+) 41... Rxc3 $2 ({Better is} 41... Rd2+ $19 42. Ke4 bxa4) 42. axb5 $15 axb5 ({Black should play} 42... a5 $15 43. Rf1 Rc2) 43. Kxc5 $11 {The position is equal.} Bxe3+ 44. Kxb5 Bxc1 45. h6 $1 {[#]} Bxh6 $1 46. Rxh6 $19 {KR-KR} Rc1 47. Kb4 c3 {Precision: White = 39%, Black = 56%.} 1/2-1/2

[Event "Budimex POL-ch Women 2018"]
[Site "Warsaw"]
[Date "2018.05.13"]
[Round "2"]
[White "Zawadzka, Jolanta"]
[Black "Sliwicka, Alicja"]
[Result "1-0"]
[WhiteElo "2424"]
[BlackElo "2261"]
[Annotator "TA"]
[PlyCount "115"]
[EventDate "2018.??.??"]
[EventType "tourn"]
[EventCountry "POL"]
[SourceTitle "playchess.com"]
[Source "ChessBase"]
[SourceQuality "1"]

{[%evp 22,115,31,12,46,12,12,0,0,0,0,0,0,0,0,0,39,38,44,39,53,42,54,0,129,103,216,42,39,31,31,20,22,0,46,8,12,25,136,122,234,81,79,70,94,80,130,113,120,125,106,114,87,85,170,162,257,248,291,293,276,245,245,246,246,246,243,242,240,249,246,208,193,196,270,264,264,255,266,259,997,993,946,946,29986,350,29987,0,114,0,29987,29988,29988,29989,29990,29991]} 1. e4 e5 2. Nf3 Nc6 3. Bb5 {[%cal Bf1b5,Bb5a4,Ba4b3][%mdl 32]} a6 4. Ba4 Nf6 5. O-O Be7 6. Re1 b5 7. Bb3 d6 8. c3 O-O 9. h3 Nb8 10. d4 Nbd7 11. Nbd2 Bb7 12. a3 {LiveBook: 13 Games. C95: Closed Ruy Lopez: Breyer Variation with 10 d4} (12. Bc2 Re8 13. Nf1 Bf8 14. Ng3 g6 15. a4 Nb6 16. axb5 axb5 17. Bg5 Bg7 18. Bd3 Rxa1 19. Qxa1 c6 20. Be3 Qc7 21. dxe5 dxe5 22. Qc1 Bc8 23. Qc2 {½-½ (32) Anand,V (2767)-Carlsen,M (2834) Wijk aan Zee 2018}) 12... h6 13. Ba2 $146 ({Predecessor:} 13. Bc2 Re8 14. b4 Bf8 15. Bb2 g6 16. Rb1 Rb8 17. Ba1 Ba8 18. a4 Bg7 19. dxe5 dxe5 20. c4 c6 21. Qe2 Nh5 22. g3 Bf8 23. Bc3 Qc7 {½-½ (32) Renet,O (2520)-Hommeles,T (2392) Switzerland 2016}) 13... c5 14. b3 {The position is equal.} exd4 15. cxd4 d5 {[%cal Rd5e4]} 16. e5 {[%cal Be4e5,Be5e6][%mdl 32]} Ne4 17. Bb2 cxd4 18. b4 a5 19. e6 $1 {[%cal Re6f7] exf7+ is the strong threat.} Nc3 20. Bxc3 dxc3 21. Nb3 $1 {[%cal Rb3a5]} fxe6 22. Nbd4 (22. Nxa5 $14 Rxa5 23. bxa5) 22... Nf6 (22... Rf7 $1 $11 23. Nxe6 Qc8 24. bxa5 Rxa5) 23. Nxe6 $16 Qb6 {[#]} (23... Qd6 $16) 24. Nxf8 $2 ({White must play} 24. Nxg7 $1 $18 {[%mdl 512]} Bd6 (24... Kxg7 25. Rxe7+) 25. Ne6 axb4 26. Nxf8 Kxf8 27. Nd4) 24... Bxf8 $14 25. Nd4 axb4 26. axb4 Bxb4 27. Re6 Qd8 28. Qc2 {[%mdl 1024] White has compensation.} Kh8 {White must now prevent ...Ne4.} 29. Rd1 Qg8 (29... Qd7 $11) 30. Rb6 $16 Ba6 (30... Qf7 $16 {was worth a try.}) 31. Nf3 $2 (31. Ne6 $1 $18 {is more deadly.}) 31... Qd8 32. Re6 $1 Bc8 33. Re2 Bb7 34. Bb1 $1 Qc7 35. Nd4 Ne4 36. f3 Nf6 37. Kh1 Qg3 (37... Qf7 $16 {was called for.}) 38. Rde1 $18 Rg8 (38... g6 $142) 39. Nf5 $1 {[%cal Rf5g3]} Qg6 40. Qb3 c2 41. Bxc2 Bxe1 {[#]} 42. Ne7 $1 {[%cal Re7g6]} Qg3 43. Nxg8 Kxg8 ({Much weaker is} 43... Nxg8 44. Qxb5 Ba5 45. Re8 $18) 44. Qxb5 Bc3 {Black wants to play ...Qc7.} 45. Qxb7 $40 {[%mdl 128] Intending Qc8+ and mate. White is out for blood.} Be5 {[%csl Ge5][%cal Rg3h2]} 46. Qa8+ Kf7 {[%csl Ge5][%cal Rg3h2]} 47. Qa7+ Kg8 {[#]} (47... Bc7 {is a better defense.} 48. Kg1 Nh5) 48. Kg1 $1 Qf4 {aiming for ...Bd4+.} 49. Qa8+ Kf7 50. Qb7+ Kg8 $2 (50... Bc7 51. Kf2 Qc4) 51. Qc8+ Kf7 52. Bf5 {White threatens Qe6+ and mate.} Bc7 53. Qe6+ Kf8 54. Qc8+ $2 (54. Bg6 {mates} Qc1+ 55. Re1 Bb6+ 56. Kh1 Qxe1+ 57. Qxe1 Ne4 58. fxe4 Ke7 59. Qb4+ Ke6 60. Qxb6+ Ke5 61. Qc7+ Kd4 62. e5) 54... Kf7 $16 {( -> ...Qc1+)} 55. Qe6+ $2 {[%mdl 8192]} (55. Kf2 $16) 55... Kf8 {Black hopes to continue with ...Qd4+.} 56. Bg6 {[%csl Gg6][%cal Re6f7] White mates.} Qc1+ 57. Re1 {[%csl Gg6][%cal Re6f7]} Bb6+ 58. Kh1 {Precision: White = 64%, Black = 45%.} 1-0